00689pam a2200217 i 45000010008000000030004000080050017000120080041000290100017000700200045000870400018001320500019001500820014001691000029001832450098002122600048003103000034003585000020003925040030004126000029004421763103OSt20230619100942.0770429s1977 nyua b 001 0 eng  a 76047429  a0195021924 :c$12.95.a0195021932c$2.95 aDLCcDLCdDLC00aB945.P584bG4400a191.bGEL1 aGelwick, Richard,d1931-14aThe way of discovery :ban introduction to the thought of Michael Polanyi /cRichard Gelwick. aNew York :bOxford University Press,c1977. axix, 181 p. :bill. ;c22 cm. aIncludes index. aBibliography: p. 175-176.10aPolanyi, Michael,d1891-